000 00487nam a2200181Ia 4500
005 20250508150356.0
008 008 250505s9999 xx 000 0 eng d
037 _aTextual
040 _aFEDL
_beng
_cFEDL
041 _aeng
_2eng
084 _a512, CRA
_qFEDL
100 _aCracknell A G
_9756529
245 0 _aJunior algebra
260 _aLondon, UK
_bUniversity Tutorial Press Ltd.
_c1947
300 _a280p.
942 _cTEXL
_h512, CRA
999 _c1323283
_d1323283